| 000 | 00584cam a22002291 4500 | ||
|---|---|---|---|
| 001 | sa 65008047 | ||
| 003 | DLC | ||
| 005 | 20260227112153.0 | ||
| 008 | 890724s1965 ii b b 000 0 hino | ||
| 010 | _asa 65008047 | ||
| 035 | _a(OCoLC)20062123 | ||
| 040 |
_aDLC _cWaU _dDLC |
||
| 042 | _apremarc | ||
| 050 | 0 | 0 |
_aPK1822 _b.A7 1965 |
| 100 | 1 | _aAryani, Sampatti. | |
| 245 | 1 | 0 | _aMagahī vyākaraṇa. |
| 260 | _c[1965] | ||
| 300 |
_a1 v. (various pagings) _bmap _c25 cm. |
||
| 500 | _aIn Hindi. | ||
| 504 | _aBibliographical footnotes. | ||
| 650 | 0 |
_aMagahi language _xGrammar. |
|
| 999 |
_c65512 _d65512 |
||